|
|
|
|
| LEADER |
01251nam a2200313 a 4500 |
| 001 |
11939431 |
| 008 |
100628r20082000enka b 001 0 eng d |
| 010 |
|
|
|a \\\00029761
|
| 020 |
|
|
|a 0750636343
|
| 020 |
|
|
|a 9780750636343
|
| 040 |
|
|
|a DLC
|c DLC
|d DLC
|d BD-DhAAL
|
| 082 |
0 |
0 |
|a 621.31
|2 21
|
| 100 |
1 |
|
|a Kuffel, E.
|
| 245 |
1 |
0 |
|a High voltage engineering :
|b fundamentals /
|c E. Kuffel, W.S. Zaengl, J. Kuffel.
|
| 250 |
|
|
|a 2nd ed.
|
| 260 |
|
|
|a Oxford ;
|a Boston :
|b Newnes,
|c 2000 [reprinted 2008].
|
| 300 |
|
|
|a xiii, 239 p. :
|b ill. ;
|c 23 cm.
|
| 504 |
|
|
|a Includes bibliographical references and index.
|
| 541 |
1 |
|
|e 00020513
|
| 650 |
|
0 |
|a Electrical engineering.
|
| 650 |
|
0 |
|a High voltages.
|
| 650 |
|
0 |
|a Electric insulators and insulation.
|
| 650 |
|
0 |
|a Breakdown (Electricity)
|
| 700 |
1 |
|
|a Zaengl, W. S.
|
| 700 |
1 |
|
|a Kuffel, J.
|
| 852 |
4 |
|
|a Ayesha Abed Library
|j General Shelf
|
| 999 |
|
|
|c 9089
|d 9089
|
| 952 |
|
|
|0 0
|1 0
|2 ddc
|4 0
|6 621_310000000000000_KUF_2008
|7 0
|9 11282
|a BRACUL
|b BRACUL
|c GEN
|d 2010-06-28
|l 5
|m 9
|o 621.31 KUF
|p 3010020513
|r 2025-09-03
|s 2025-07-31
|t 1
|w 2010-06-28
|y BK
|
| 952 |
|
|
|0 0
|1 0
|2 ddc
|4 0
|6 621_310000000000000_KUF_2008
|7 0
|9 11283
|a BRACUL
|b BRACUL
|c GEN
|d 2010-06-28
|l 2
|m 12
|o 621.31 KUF
|p 3010020514
|r 2025-10-05
|s 2025-06-17
|t 2
|w 2010-06-28
|y BK
|